00249nam a2200097 a 4500008004100000050001100041100002000052245006100072260000900133350000900142120416s9999 ||||||||||||||||| || u aTHESIS aTemba, Chilufya12aA survey of micro-credit financing institutions in Kitwe a2001 a0.00